000 00367nam a2200145Ia 4500
008 240624s9999 xx 000 0 und d
041 _aeng
082 _a336.24 CHA
100 _aCHANDRA MAHESH
245 _aINCOME TAX LAW AND PRACTICE
250 _a(25th ed.)
260 _c2002
_aDelhi
_bPragati Publications
300 _avii, : 602 : p. : cm. ; 23
365 _cRS
999 _c5369
_d5369